| 000 | 00000nam##2200000za#4500 |
| 001 | 9.526449 |
| 003 | CaOODSP |
| 005 | 20220623094107 |
| 007 | ta |
| 008 | 150406|1995||||xxc||||| f|0| 0 fre|d |
| 020 | |a0-662-62098-4 |
| 040 | |aCaOODSP|bfre |
| 041 | |aeng |
| 041 | |afre |
| 043 | |an-cn--- |
| 086 | 1 |aC21-23/11 |
| 110 | 1 |aCanada.|bIndustrie Canada. |bDirection de l'analyse micro-économique. |
| 245 | 10|aLes rapports université-industrie en sciences et technologie / |cpar Jérôme Doutriaux et Margaret Barker. |
| 260 | |aOttawa - Ontario : |bIndustrie Canada. |c1995. |
| 300 | |aTexte français, ix, 161p. : |btableaux ; |c23 cm. |
| 490 | 1 |aDocument hors série|vN° 11, août 1995 |
| 500 | |aSommaire: Introduction.--l'impact socio-économique des liens université-industrie.--Les programmes gouvernementaux visant à stimuler la collaboration université-industrie.--La gestion de l'interface université-industrie.--Conclusions et recommandations.--Appendice I: Études récentes sur les bureaux de liaison université-industrie.--Appendice II: Études récentes sur les rapports entre la recherche universitaire et les grandes entreprises.--Appendice III: Études récentes sur les sociétés essaimantes.--Bibliographie. |
| 504 | |aBibliographie. |
| 546 | |aBilingue |
| 563 | |aCouverture souple |
| 590 | |a95-43|b1995-10-27 |
| 691 | 07|aSciences|2gcpds |
| 691 | 07|aTechnologie|2gcpds |
| 720 | 1 |aDoutriaux, Jérôme |
| 720 | 1 |aBarker, Margaret |
| 776 | 0#|tThe university-industry relationship in science and technology : |w(CaOODSP)9.570606 |
| 776 | 0#|tLes rapports université-industrie en sciences et technologie : |w(CaOODSP)9.601254 |
| 791 | |tThe university-industry relationship in science and technology / |eeng|w(CaOODSP)9.526448 |
| 830 | #0|aDocument hors série (Canada. Industrie Canada)|vN° 11, août 1995|w(CaOODSP)9.509051 |